000 00860nmc a2200325 a 4500
003 AR-BaBNM
005 20251128210828.0
008 031020s1999 ||||||||||||||000 | spa||
020 _a987-9065-68-9
040 _cAR-BaBNM
100 1 _aAbdala, Verónica
245 1 0 _aBorges para principiantes
260 _aBuenos Aires
_bErrepar
_c1999
300 0 _a176 p.
_bil.
490 0 _aPara principiantes
_vv. 49
500 0 _aContiene referencias bibliográficas
600 1 4 _aBorges, Jorge Luis
650 4 _aLITERATURA ARGENTINA
650 4 _aESCRITORES
650 4 _aBIOGRAFIAS
650 4 _aDIVULGACION
650 4 _aLITERATURA CONTEMPORANEA
653 0 _aHISTORIETAS
655 _aBIOGRAFIAS
700 1 _aPolimeni, Carlos
700 0 _aRep
_eilustrador
800 1 _aKreimer, Juan Carlos
_edirector
942 _cBK
998 _cMARTIN
999 _c17097
_d17097